000 00216nam a22001097a 4500
082 _a632 PLA'S
100 _aSIMON
_959537
245 _aPLANT LIFE
260 _aNEWYORK
_bSIMON
_c1957
300 _a237P
942 _cBK
999 _c569491
_d569491